Movies Quiz

Random Movies or Letter Quiz

Last 25 Years: 'U', 'V' & 'W' Movies Quiz Stats

 Plays Quiz Updated Jan 1, 2019

Challenge
Share
Tweet
Score 0/25 Timer 08:00
1 Play Today
% Correct
Up
95.2%
The Wolf of Wall Street
92.7%
Wreck-It Ralph
86.4%
V for Vendetta
84.1%
Venom
82.3%
Walk the Line
79.6%
The Waterboy
76.2%
Underdog
74.2%
The Usual Suspects
73.2%
Underworld
70.1%
What Women Want
69.6%
Valkyrie
66%
Wonder Woman
61.3%
% Correct
Vanilla Sky
60.5%
Warcraft
59.4%
Whiplash
56.5%
The Walk
56%
Van Helsing
49.9%
Vegas Vacation
43.4%
The World Is Not Enough
42.3%
A Walk to Remember
34.5%
Wyatt Earp
32.9%
Winter's Bone
32.2%
We Need to Talk About Kevin
29.2%
Up Close & Personal
8.1%

You're not logged in!

Compare scores with friends on all Sporcle quizzes.
OR
Log In

You Might Also Like...

Show Comments

Extras

Top Quizzes Today


Score Distribution

Your Account Isn't Verified!

In order to create a playlist on Sporcle, you need to verify the email address you used during registration. Go to your Sporcle Settings to finish the process.

Report this User

Report this user for behavior that violates our Community Guidelines.

Details: